| 000 | 00468nam a2200169 i 4500 | ||
|---|---|---|---|
| 001 | 129189 | ||
| 003 | ES-MaACL | ||
| 005 | 20230906193444.0 | ||
| 007 | t| | ||
| 008 | 070607s1973 sp ||||1| spa d | ||
| 080 | _a22.06(04) | ||
| 245 | 0 | 0 |
_aTemas bĂblicos en la historia / _cJ.L. Orella...[et al.]. |
| 260 |
_aBilbao : _bUniversidad de Deusto, _c1973. |
||
| 300 |
_a271 p. ; _c23 cm. |
||
| 700 | 1 |
_aOrella, J. L. _987220 |
|
| 852 |
_aES-MaACL _jC-49728 _bR.84728 |
||
| 999 |
_c129189 _d129189 |
||